Statistiques concernant Culture Générale - Série 1374

Cliquez ici pour prendre le quiz!

Statistiques générales

  • Ce quiz a été pris 54 fois
  • Le résultat moyen est 7 sur 10

Statistiques - réponses

Question Réponse % Correct
Quel navire submersible de guerre, équipé d'un périscope, peut être "nucléaire" ou "lanceur d'engins" ?sous-marin
94%
Dans quel océan les îles Turks et Caicos se trouvent-elles ?Atlantique
90%
À la fois un quadrilatère, une coupe de cheveux et une combinaison au poker, que suis-je ?carré
90%
Quel mot anglais, signifiant "épuiser" ou "griller", désigne généralement le syndrome d’épuisement professionnel ?burn out
90%
Quel personnage simplet au coeur pur, champion de ping-pong et roi de la crevette, Tom Hanks incarne-t-il dans un film de Robert Zemeckis en 1994 ?Forrest Gump
71%
Quel secrétaire général du Parti communiste français jusqu'en 1994, a prononcé la célèbre phrase : "Liliane, fais les valises, on rentre à Paris" ?Georges Marchais
71%
Quelle anagramme du mot "guérison" désigne la personne qui prodigue des soins à un sportif, en compétition ou à l'entraînement ?soigneur
67%
Dans quel jeu de stratégie au nom japonais doit-on construire le plus vaste territoire sur un plateau comptant 361 intersections ?go
63%
Quel auteur dramatique américain, prénommé Arthur, a écrit la pièce de théâtre : "Les Sorcières de Salem", publiée en 1953 ?Arthur Miller
57%
Qui était le chanteur des Doors ?Jim Morrison
49%

Distribution des résultats

Percentile par nombre de réponses

% des personnes avec chaque résultat

Votre développement - résultats

Vous n’avez pas pris ce quiz